Marianela (Record no. 169077)

MARC details
000 -LEADER
campo de control de longitud fija 00936nam a2200253 i 4500
001 - NÚMERO DE CONTROL
campo de control 169077
003 - IDENTIFICADOR DE NÚMERO DE CONTROL
campo de control ES-MaACL
005 - FECHA Y HORA DE LA ÚLTIMA TRANSACCIÓN
campo de control 20250804062630.0
008 - DATOS DE LONGITUD FIJA--INFORMACIÓN GENERAL
campo de control de longitud fija 080806s2006 sp |||| | spa d
020 ## - NÚMERO INTERNACIONAL ESTÁNDAR DEL LIBRO
Número Internacional Estándar del Libro 978-84-8103-486-8
080 ## - NÚMERO DE LA CLASIFICACIÓN DECIMAL UNIVERSAL
Número de la Clasificación Decimal Universal 821.134.2-31"18"
100 1# - ENTRADA PRINCIPAL--NOMBRE DE PERSONA
Nombre de persona Pérez Galdós, Benito,
Fechas asociadas al nombre 1843-1920
9 (RLIN) 90871
245 10 - MENCIÓN DEL TÍTULO
Título Marianela
Resto del título ; La familia de León Roch /
Mención de responsabilidad, etc. Benito Pérez Galdós ; edición de Yolanda Arencibia ; prólogo de José María Merino.
260 ## - PUBLICACIÓN, DISTRIBUCIÓN, ETC.
Lugar de publicación, distribución, etc. Las Palmas de Gran Canaria :
Nombre del editor, distribuidor, etc. Cabildo de Gran Canaria,
Fecha de publicación, distribución, etc. 2006.
300 ## - DESCRIPCIÓN FÍSICA
Extensión 545 p. ;
Dimensiones 21 cm.
490 1# - MENCIÓN DE SERIE
Mención de serie Arte, naturaleza y verdad ;
Designación de volumen o secuencia 7
700 1# - ENTRADA AGREGADA--NOMBRE PERSONAL
Nombre de persona Arencibia, Yolanda
9 (RLIN) 22611
700 1# - ENTRADA AGREGADA--NOMBRE PERSONAL
Nombre de persona Merino, José María,
Fechas asociadas al nombre 1941-
9 (RLIN) 149582
710 1# - ENTRADA AGREGADA--NOMBRE DE ENTIDAD CORPORATIVA
Nombre de entidad corporativa o nombre de jurisdicción como elemento de entrada Gran Canaria.
Unidad subordinada Cabildo Insular.
9 (RLIN) 2264
740 3# - ENTRADA AGREGADA--TÍTULO RELACIONADO/ANALÍTICO NO CONTROLADO
Título relacionado o analítico no controlado La familia de León Roch.
830 0# - PUNTO DE ACCESO ADICIONAL DE SERIE-TÍTULO UNIFORME
Título uniforme Arte, naturaleza y verdad ;
Designación de volumen o secuencia 7
9 (RLIN) 188837
852 ## - LOCALIZACIÓN
Ubicación ES-MaACL
Número de control de estantería L-29563
Holdings
Estatus retirado Estado de pérdida Estado de daño No para préstamo Biblioteca de origen Biblioteca actual Ubicación en estantería Fecha de adquisición Fuente de adquisición Total de préstamos Signatura topográfica completa Código de barras Visto por última vez Precio de reemplazo Tipo de ítem Koha
        Biblioteca del Ateneo de Madrid Biblioteca del Ateneo de Madrid Depósito 2 06/08/2008     L-29563 1177484 23/02/2023 23/02/2023 Libro impreso